Strength of materials (Record no. 4143)

000 -LEADER
fixed length control field 00602nam a2200229 4500
001 - CONTROL NUMBER
control field 4143
003 - CONTROL NUMBER IDENTIFIER
control field BD-DhUET
008 - FIXED-LENGTH DATA ELEMENTS--GENERAL INFORMATION
fixed length control field 0
020 ## - INTERNATIONAL STANDARD BOOK NUMBER
International Standard Book Number 0070702977
040 ## - CATALOGING SOURCE
Transcribing agency 0
Modifying agency BD-DhUET
082 ## - DEWEY DECIMAL CLASSIFICATION NUMBER
Classification number 620.112
Item number WIL/1981
100 ## - MAIN ENTRY--PERSONAL NAME
Personal name Willems, Nicholas
245 ## - TITLE STATEMENT
Title Strength of materials
Statement of responsibility, etc. by Nicholas Willems, John T. Easley and Stanley T. Rolfe
250 ## - EDITION STATEMENT
Edition statement 1st ed.
260 ## - PUBLICATION, DISTRIBUTION, ETC. (IMPRINT)
Place of publication, distribution, etc. New York
Name of publisher, distributor, etc. McGraw-Hill
Date of publication, distribution, etc. 1981
300 ## - PHYSICAL DESCRIPTION
Extent xviii, 508 p.
Other physical details ill.
Dimensions 12 cm.
504 ## - BIBLIOGRAPHY, ETC. NOTE
Bibliography, etc Includes bibliographies
650 #0 - SUBJECT ADDED ENTRY--TOPICAL TERM
Topical term or geographic name as entry element Strength of materials
700 ## - ADDED ENTRY--PERSONAL NAME
Personal name Easley, John T.
700 ## - ADDED ENTRY--PERSONAL NAME
Personal name Rolfe, Stanley T.
942 ## - ADDED ENTRY ELEMENTS (KOHA)
Koha item type General Book
Holdings
Koha out on loan Not for loan Damaged status Koha item type Koha full call number Sublocation or collection (holding branch) Withdrawn status Copy number Source of classification or shelving scheme Koha date last seen Location (home branch) Koha normalized classification for sorting Shelving location Koha issues (times borrowed) Piece designation (barcode) Price effective from Koha date last borrowed Lost status Date acquired
   General Book620.112/WIL/1981Central Library, BUET 1 2018-12-18Central Library, BUET620_112000000000000_WIL_1981Circulation section1798492014-11-122018-11-06 2014-11-12
   General Book620.112/WIL/1981Central Library, BUET 2 2019-04-24Central Library, BUET620_112000000000000_WIL_1981Circulation section1798502014-11-122018-12-22 2014-11-12
   General Book620.112/WIL/1981Central Library, BUET 3 2014-11-12Central Library, BUET620_000000000000000_112WIL1981Circulation section 798532014-11-12  2014-11-12
   General Book620.112/WIL/1981Central Library, BUET 4 2014-11-12Central Library, BUET620_000000000000000_112WIL1981Circulation section 814082014-11-12  2014-11-12
   General Book620.112/WIL/1981Central Library, BUET 5 2021-12-07Central Library, BUET620_000000000000000_112WIL1981Circulation section2798522014-11-122021-11-29 2014-11-12
2025-12-22  General Book620.112/WIL/1981Central Library, BUET 6 2025-12-08Central Library, BUET620_000000000000000_112WIL1981Circulation section1795802014-11-122025-12-08 2014-11-12
   General Book620.112/WIL/1981Central Library, BUET 7 2014-11-12Central Library, BUET620_000000000000000_112WIL1981Circulation section 814102014-11-12  2014-11-12
   General Book620.112/WIL/1981Central Library, BUET 8 2023-07-18Central Library, BUET620_000000000000000_112WIL1981Circulation section1798512014-11-122023-07-08 2014-11-12
   General Book620.112/WIL/1981Central Library, BUET 9 2014-11-12Central Library, BUET620_112000000000000_WIL_1981Circulation section 814092014-11-12  2014-11-12
   General Book620.112/WIL/1981Central Library, BUET 10 2015-02-04Central Library, BUET620_112000000000000_WIL_1981Circulation section 79581 2015-02-04  2015-02-04